| 000 | 01778nam0a2200349 4500 | ||
|---|---|---|---|
| 001 | RU\NLR\BIBL_A\011382424 | ||
| 005 | 20241115073635.0 | ||
| 010 |
_a9785904552916 _91000 |
||
| 021 |
_aRU _b2017-25836 _91918 |
||
| 035 | _a(RuMoRGB)008851388 | ||
| 035 | _a(NLR Aleph) 011382424 | ||
| 090 |
_a11408836 _c11408836 |
||
| 100 | _a20170510d2017 k y0rusy50 ca | ||
| 101 | 0 | _arus | |
| 102 | _aRU | ||
| 105 | _aach|zzzz0|1zd | ||
| 200 | 1 |
_aРеволюция и Гражданская война в России. 1917-1922 гг. _eфотоальбом _e[сборник статей _fсоставители: Гагкуев Руслан Григорьевич, Цветков Василий Жанович _gнаучный редактор: Р. Г. Гагкуев, д. ист. н.] |
|
| 205 | _a[2-е изд. испр. и перераб.] | ||
| 210 |
_aМосква _cДостоинство _d2017 |
||
| 215 |
_a365, [3] с. _cил., портр., факс. _d30 |
||
| 320 | _aБиблиогр. в конце кн. | ||
| 606 |
_aГражданская война и военная интервенция в России _jФотоальбомы _z1918 - 1920 _92212606 _3RU\NLR\AUTH\661329092 |
||
| 606 |
_aФевральская буржуазно-демократическая революция _jФотоальбомы _z1917 _91371335 _3RU\NLR\AUTH\66260730 |
||
| 606 |
_aВеликая Октябрьская социалистическая революция _jФотоальбомы _z1917 _9912483 _3RU\NLR\AUTH\6613825 |
||
| 686 | 1 | _aТ3(2)712я61 | |
| 686 | 1 | _aТ3(2)524.2я61 | |
| 686 | 1 | _aТ3(2)711.2я61 | |
| 702 | 1 |
_aГагкуев _bР. Г. _gРуслан Григорьевич _4220 |
|
| 942 | _cBOOK | ||
| 980 | _aNBR | ||